<?xml version="1.0" encoding="UTF-8"?>
<collection xmlns="http://www.loc.gov/MARC21/slim">
 <record>
  <leader>00418pamaa2200133   4500</leader>
  <controlfield tag="001">0000017318</controlfield>
  <controlfield tag="005">20060929090000.0</controlfield>
  <datafield tag="020" ind1="0" ind2="0">
   <subfield code="a">0233985824 </subfield>
  </datafield>
  <datafield tag="090" ind1="0" ind2="0">
   <subfield code="a">PR9199.3B468 </subfield>
   <subfield code="b">MON 1990</subfield>
  </datafield>
  <datafield tag="245" ind1="0" ind2="4">
   <subfield code="a">The MONSTROUS regiment : </subfield>
   <subfield code="b">a book of aphorisms  </subfield>
   <subfield code="c">compiled by Margaret Blackwood.</subfield>
  </datafield>
  <datafield tag="260" ind1="0" ind2="0">
   <subfield code="a">London: </subfield>
   <subfield code="b">Andre Deutsch, </subfield>
   <subfield code="c">1990.</subfield>
  </datafield>
  <datafield tag="300" ind1=" " ind2=" ">
   <subfield code="a">vii, 158p.: </subfield>
   <subfield code="b">20cm.</subfield>
  </datafield>
  <datafield tag="650" ind1="0" ind2="0">
   <subfield code="a">English language -- </subfield>
   <subfield code="x">Quotations </subfield>
  </datafield>
  <datafield tag="700" ind1="1" ind2="1">
   <subfield code="a">BLACKWOOD, </subfield>
   <subfield code="h">Margaret </subfield>
  </datafield>
 </record>
</collection>
